000
00279nam a2200121Ia 4500
005
20251222141802.0
008
251222s9999||||xx |||||||||||||| ||spa||
082
_a
475.02/S31
100
_a
Scorpio, Tommaso
245
0
_a
Ad Latino Diocendum.
264
_b
Associate
942
_c
LIB
999
_c
6200
_d
6200